[Event "4NCL/Div1/SWD1 vs. BET"]
[Site "Telford ENG"]
[Date "2003.01.18"]
[Round "3.7"]
[White "Rayner, Francis"]
[Black "Ledger, David J"]
[Result "1/2-1/2"]
[WhiteElo "2216"]
[BlackElo "2267"]
[PlyCount "70"]
[EventDate "2003.01.18"]

1. e4 e5 2. Nf3 Nc6 3. Bb5 a6 4. Ba4 Nf6 5. O-O b5 6. Bb3 Bb7 7. d3 Bc5 8. Nc3
d6 9. a4 b4 10. Ne2 Na5 11. Ba2 Rb8 12. Ng3 O-O 13. Bg5 h6 14. Bh4 g6 15. Qd2
Kg7 16. d4 exd4 17. Nxd4 Bxd4 18. Qxd4 Nc6 19. Qe3 Ng4 20. Bxd8 Nxe3 21. Bxc7
Nxf1 22. Rxf1 Rbc8 23. Bxd6 Rfd8 24. e5 a5 25. Rd1 Re8 26. f4 Nd8 27. Bb3 Bc6
28. f5 Nb7 29. f6+ Kg8 30. Be7 Nd8 31. Rd6 Nb7 32. Rd4 Nd8 33. Rd6 Nb7 34. Rd4
Nd8 35. Rd6 Nb7 1/2-1/2

[Event "4NCL/Div1/SWD1 vs. BET"]
[Site "Telford ENG"]
[Date "2003.01.18"]
[Round "3.8"]
[White "Ledger, Stephen C"]
[Black "Cast, Abigail"]
[Result "1-0"]
[WhiteElo "2172"]
[BlackElo "2114"]
[PlyCount "97"]
[EventDate "2003.01.18"]

1. d4 d5 2. Nf3 Nf6 3. Bf4 Bg4 4. e3 e6 5. Be2 Nbd7 6. h3 Bh5 7. O-O Be7 8.
Nbd2 O-O 9. c4 c6 10. Qb3 Qb6 11. c5 Qxb3 12. axb3 Ne4 13. g4 Bg6 14. b4 f6 15.
Nb3 b6 16. Ba6 e5 17. dxe5 bxc5 18. Bb7 Rad8 19. Bxc6 Nxe5 20. Nxe5 fxe5 21.
Bxe5 Bh4 22. f3 Ng5 23. f4 Bd3 24. Nxc5 Bxf1 25. Rxf1 Ne4 26. Ne6 Nd2 27. Nxd8
Rxd8 28. Bc7 Nxf1 29. Bxd8 Bxd8 30. Bxd5+ Kf8 31. Kxf1 Bf6 32. b3 Bc3 33. b5
Ke7 34. Ke2 Bb2 35. g5 Bc1 36. Bg8 h6 37. gxh6 gxh6 38. Kf3 Kf6 39. e4 Kg7 40.
Bc4 Kf6 41. e5+ Kf5 42. Bd3+ Ke6 43. Ke4 Kf7 44. f5 Bg5 45. Bc4+ Ke8 46. f6 Bh4
47. Kf5 Bg3 48. e6 Bd6 49. Bd5 1-0

[Event "4NCL/Div1/AD1 vs. BAR2"]
[Site "Telford ENG"]
[Date "2003.01.18"]
[Round "3.1"]
[White "Mestel, A Jonathan"]
[Black "Dishman, Stephen"]
[Result "1/2-1/2"]
[WhiteElo "2494"]
[BlackElo "2296"]
[PlyCount "114"]
[EventDate "2003.01.18"]

1. c4 e6 2. Nf3 d5 3. b3 Nf6 4. g3 Be7 5. Bg2 O-O 6. O-O b6 7. Bb2 Bb7 8. e3 c5
9. Qe2 Nc6 10. d3 dxc4 11. bxc4 Qc7 12. Nc3 Rad8 13. Ne1 Rd7 14. f4 Rfd8 15.
Rd1 a6 16. g4 Na7 17. g5 Bxg2 18. Qxg2 Ne8 19. Ne4 Bf8 20. h4 b5 21. Rc1 bxc4
22. Rxc4 Qb6 23. h5 Nd6 24. Nxd6 Rxd6 25. h6 Nc6 26. hxg7 Bxg7 27. Bf6 Re8 28.
Qh3 Ne7 29. e4 Nc6 30. Rf2 Qb1 31. Kf1 Qd1 32. Rh2 h5 33. Qxh5 Qxh5 34. Rxh5 e5
35. Bxg7 Kxg7 36. f5 Nb4 37. Rh3 Nxa2 38. Rc2 Nb4 39. Rch2 Rg8 40. Rh7+ Kf8 41.
g6 fxg6 42. Rc7 gxf5 43. Rhh7 Nc6 44. exf5 Ke8 45. Rc8+ Nd8 46. Rxc5 Nf7 47.
Rc8+ Rd8 48. Rc7 Rf8 49. Ke2 Rd7 50. Rc5 Nd6 51. Rxe5+ Kd8 52. Rxd7+ Kxd7 53.
Ra5 Nxf5 54. Rxa6 Nd4+ 55. Ke3 Nf5+ 56. Kd2 Nd4 57. Ra5 Nf3+ 1/2-1/2

[Event "4NCL/Div1/AD1 vs. BAR2"]
[Site "Telford ENG"]
[Date "2003.01.18"]
[Round "3.2"]
[White "Berry, Neil"]
[Black "Hennigan, Michael T"]
[Result "1/2-1/2"]
[WhiteElo "2293"]
[BlackElo "2434"]
[PlyCount "85"]
[EventDate "2003.01.18"]

1. Nf3 Nf6 2. c4 g6 3. Nc3 Bg7 4. e4 d6 5. d4 O-O 6. Be2 e5 7. O-O Nc6 8. d5
Ne7 9. b4 a5 10. Ba3 Ne8 11. c5 h6 12. Nd2 axb4 13. Bxb4 f5 14. Nc4 fxe4 15.
cxd6 cxd6 16. a4 Nf5 17. Nxe4 Ra6 18. a5 Nd4 19. Bd3 Bf5 20. Nb6 Ra7 21. Rc1 h5
22. Bd2 Nf6 23. f3 Qb8 24. Nxf6+ Bxf6 25. Bxf5 gxf5 26. Nd7 Qe8 27. Nxf8 Kxf8
28. f4 exf4 29. Re1 Be5 30. Bxf4 Rxa5 31. Bh6+ Kg8 32. Qd2 Qd8 33. Rc8 Qxc8 34.
Qxa5 f4 35. Bg5 Qg4 36. Qd8+ Kh7 37. Qe7+ Kg8 38. Rxe5 Nf3+ 39. Kf2 Nxe5 40.
Qe6+ Kh7 41. Qe7+ Kg6 42. Qf6+ Kh7 43. Qe7+ 1/2-1/2

[Event "4NCL/Div1/AD1 vs. BAR2"]
[Site "Telford ENG"]
[Date "2003.01.18"]
[Round "3.3"]
[White "Cooper, Lawrence"]
[Black "Cox, John J"]
[Result "1-0"]
[WhiteElo "2353"]
[BlackElo "2289"]
[PlyCount "53"]
[EventDate "2003.01.18"]

1. e4 e6 2. d4 d5 3. Nd2 Nf6 4. e5 Nfd7 5. f4 c5 6. c3 Nc6 7. Ndf3 Qa5 8. dxc5
Qxc5 9. Ne2 f6 10. Ned4 Nxd4 11. cxd4 Qa5+ 12. Kf2 Be7 13. Be3 O-O 14. Bd3 fxe5
15. fxe5 Rf7 16. h4 Qd8 17. g3 Nf8 18. Kg2 Bd7 19. Qe2 a6 20. a4 Rc8 21. Rhf1
Qb6 22. h5 Qb3 23. Nd2 Qb4 24. Rxf7 Kxf7 25. Qg4 Be8 26. Rf1+ Kg8 27. Bh6 1-0

[Event "4NCL/Div1/AD1 vs. BAR2"]
[Site "Telford ENG"]
[Date "2003.01.18"]
[Round "3.4"]
[White "Shikerov, Stefan"]
[Black "Richardson, John R"]
[Result "1-0"]
[WhiteElo "2339"]
[BlackElo "2312"]
[PlyCount "79"]
[EventDate "2003.01.18"]

1. d4 Nf6 2. c4 e6 3. Nc3 Bb4 4. e3 c5 5. Nge2 cxd4 6. exd4 d5 7. a3 Be7 8. Ng3
dxc4 9. Bxc4 O-O 10. O-O Nbd7 11. Qd3 a6 12. Rd1 b5 13. Ba2 Bb7 14. Bf4 Nb6 15.
Rac1 Nfd5 16. Nxd5 Nxd5 17. Bb1 f5 18. Be5 Bg5 19. Rc5 Bf4 20. Ba2 Bxe5 21.
Bxd5 Bxd5 22. dxe5 f4 23. Ne2 Bc4 24. Qc2 Qb6 25. b4 Rad8 26. h4 f3 27. Ng3
fxg2 28. Ne4 Qb7 29. Rd6 Qe7 30. Ng5 g6 31. Qd2 h6 32. Ne4 Qxh4 33. Nf6+ Kh8
34. Kxg2 Rde8 35. Rd4 Qg5+ 36. Qxg5 hxg5 37. Rd7 Rxf6 38. exf6 Rf8 39. Rcc7
Bd5+ 40. Kg3 1-0

[Event "4NCL/Div1/AD1 vs. BAR2"]
[Site "Telford ENG"]
[Date "2003.01.18"]
[Round "3.5"]
[White "Ghasi, Ameet K"]
[Black "Rogers, Jonathan W"]
[Result "1-0"]
[WhiteElo "2298"]
[BlackElo "2346"]
[PlyCount "103"]
[EventDate "2003.01.18"]

1. Nf3 d5 2. g3 Bg4 3. Bg2 Nd7 4. O-O e6 5. d3 c6 6. Nbd2 Bc5 7. b3 Ngf6 8. Bb2
O-O 9. e4 b5 10. a4 bxa4 11. Rxa4 Nb6 12. Ra6 Bxf3 13. Qxf3 Be7 14. d4 Ne8 15.
Rfa1 Qb8 16. exd5 cxd5 17. c4 Nc7 18. R6a2 Bf6 19. Qe3 Rd8 20. b4 Nc8 21. Bc3
Nd6 22. g4 h6 23. c5 Ndb5 24. Bb2 a6 25. f4 g6 26. Nf3 Na7 27. Qd2 Nc6 28. Ra4
Qb7 29. f5 exf5 30. gxf5 gxf5 31. Bh3 Ne6 32. Qxh6 Bg7 33. Qd2 Ne7 34. Kh1 Rab8
35. Bc3 Nc7 36. Rg1 Kf8 37. Ng5 Qc6 38. Raa1 Qh6 39. Rae1 Nb5 40. Bb2 Qh4 41.
Qg2 Qh8 42. Nf3 Rb7 43. Ne5 Nc7 44. c6 Rxb4 45. Nd7+ Kg8 46. Rxe7 Rxb2 47. Qxb2
Qxh3 48. Qg2 Qxg2+ 49. Rxg2 Ne6 50. Nb6 Rd6 51. Rxe6 Rxe6 52. c7 1-0

[Event "4NCL/Div1/AD1 vs. BAR2"]
[Site "Telford ENG"]
[Date "2003.01.18"]
[Round "3.7"]
[White "Anderton, David W"]
[Black "Coleman, David"]
[Result "1-0"]
[WhiteElo "2257"]
[BlackElo "2239"]
[PlyCount "53"]
[EventDate "2003.01.18"]

1. d4 Nf6 2. c4 g6 3. g3 Bg7 4. Bg2 O-O 5. Nc3 d6 6. Nf3 Nc6 7. O-O Rb8 8. h3
a6 9. e4 b5 10. e5 Nd7 11. e6 fxe6 12. d5 exd5 13. cxd5 Na5 14. Nd4 Ne5 15.
Nce2 c5 16. dxc6 Qb6 17. b3 e6 18. Be3 Qc7 19. Rc1 Nf7 20. Nf4 Nd8 21. Qd2 Bxd4
22. Bxd4 Naxc6 23. Bb2 Bb7 24. Rfd1 e5 25. Bd5+ Kg7 26. Bxc6 Nxc6 27. Ne6+ 1-0

[Event "4NCL/Div1/AD1 vs. BAR2"]
[Site "Telford ENG"]
[Date "2003.01.18"]
[Round "3.8"]
[White "Kieran, Rosalind"]
[Black "Bellin, Jana"]
[Result "0-1"]
[WhiteElo "2087"]
[BlackElo "2203"]
[PlyCount "74"]
[EventDate "2003.01.18"]

1. e4 c5 2. Nf3 e6 3. d4 cxd4 4. Nxd4 a6 5. Bd3 Nf6 6. O-O d6 7. Qe2 Qc7 8. Be3
g6 9. c4 Bg7 10. Nc3 Nbd7 11. f4 O-O 12. Rac1 b6 13. b4 Bb7 14. Kh1 Rae8 15.
Nb3 Rc8 16. Rfd1 Qb8 17. Nd2 Rfe8 18. Rf1 Red8 19. Na4 b5 20. Nc3 bxc4 21. Nxc4
d5 22. Nd2 dxe4 23. Ndxe4 Nxe4 24. Nxe4 Rxc1 25. Rxc1 Bxe4 26. Bxe4 Qxb4 27.
Bc6 Nf6 28. Qxa6 Ng4 29. Qe2 Qa3 30. Qxg4 Qxe3 31. Rd1 Rd2 32. a4 Qd3 33. Re1
Rc2 34. Bb5 Qd2 35. Qg3 Rc1 36. Rf1 Bh6 37. Qf3 Bxf4 0-1

[Event "4NCL/Div1/WGR2 vs. SWD1"]
[Site "Telford ENG"]
[Date "2003.01.19"]
[Round "4.1"]
[White "Littlewood, Paul E"]
[Black "Cobb, James E"]
[Result "1/2-1/2"]
[WhiteElo "2399"]
[BlackElo "2318"]
[PlyCount "77"]
[EventDate "2003.01.19"]

1. d4 Nf6 2. c4 e6 3. Nf3 d5 4. cxd5 exd5 5. Bg5 c6 6. Nc3 Be7 7. e3 Bf5 8. Bd3
Bxd3 9. Qxd3 Na6 10. O-O O-O 11. Rab1 Ne4 12. Bf4 Nb4 13. Qe2 a5 14. a3 Na6 15.
Nxe4 dxe4 16. Nd2 f5 17. Rbc1 Nc7 18. Bxc7 Qxc7 19. d5 Rf6 20. Nb3 Qb6 21. Qc4
Kh8 22. dxc6 Rxc6 23. Qf7 Bf6 24. Rcd1 a4 25. Nd4 Rc7 26. Qd5 Ra5 27. Qa2 Rd7
28. Ne2 Rxd1 29. Rxd1 h6 30. Rd2 Ra8 31. h4 Rd8 32. Rxd8+ Qxd8 33. Qc4 Qd1+ 34.
Kh2 Bxh4 35. Qc8+ Bd8 36. Nd4 Qh5+ 37. Kg1 Qd1+ 38. Kh2 Qh5+ 39. Kg1 1/2-1/2

[Event "4NCL/Div1/WGR2 vs. SWD1"]
[Site "Telford ENG"]
[Date "2003.01.19"]
[Round "4.2"]
[White "Cooper, John G"]
[Black "McDonald, Neil"]
[Result "1/2-1/2"]
[WhiteElo "2318"]
[BlackElo "2391"]
[PlyCount "54"]
[EventDate "2003.01.19"]

1. Nf3 f5 2. c4 Nf6 3. g3 g6 4. Bg2 Bg7 5. O-O O-O 6. Nc3 d6 7. d4 Nc6 8. d5
Ne5 9. Qb3 Ned7 10. Qc2 a5 11. b3 Nc5 12. Bb2 h6 13. Nd4 Ng4 14. Rad1 g5 15. h3
Ne5 16. f4 gxf4 17. gxf4 Ng6 18. e4 Nh4 19. e5 dxe5 20. fxe5 Bxe5 21. Ne6 Nxe6
22. dxe6 Qe8 23. Rd5 Bf6 24. Rc5 Bd4+ 25. Kh1 Bxc5 26. Na4 Bd6 27. c5 Kh7
1/2-1/2

[Event "4NCL/Div1/WGR2 vs. SWD1"]
[Site "Telford ENG"]
[Date "2003.01.19"]
[Round "4.3"]
[White "Levitt, Jonathan P"]
[Black "Jones, Richard S"]
[Result "1-0"]
[WhiteElo "2419"]
[BlackElo "2246"]
[PlyCount "55"]
[EventDate "2003.01.19"]

1. d4 Nf6 2. c4 g6 3. Nc3 Bg7 4. e4 O-O 5. Be3 Nc6 6. d5 Nb4 7. a3 Na6 8. Bd3
d6 9. f3 e6 10. Nge2 Nd7 11. Nd4 Ne5 12. Be2 Qe7 13. O-O f5 14. Qd2 Bd7 15.
Rae1 Rae8 16. Bg5 Bf6 17. Bxf6 Qxf6 18. f4 Nf7 19. dxe6 Bxe6 20. exf5 Bxf5 21.
Nd5 Qg7 22. Nxf5 gxf5 23. Bh5 Kh8 24. Rxe8 Rxe8 25. Rf3 Rg8 26. Rg3 Qf8 27.
Qc3+ Rg7 28. Rxg7 1-0

[Event "4NCL/Div1/WGR2 vs. SWD1"]
[Site "Telford ENG"]
[Date "2003.01.19"]
[Round "4.4"]
[White "Evans-Quek, Suan"]
[Black "Sowray, Peter J"]
[Result "0-1"]
[WhiteElo "2270"]
[BlackElo "2323"]
[PlyCount "104"]
[EventDate "2003.01.19"]

1. g3 d5 2. Bg2 Nf6 3. d3 c6 4. Nc3 e5 5. Nf3 Bd6 6. e4 O-O 7. O-O Re8 8. Bg5
dxe4 9. dxe4 h6 10. Be3 Qe7 11. Nh4 Bc5 12. Nf5 Bxf5 13. exf5 Bxe3 14. fxe3
Nbd7 15. Qe2 Rad8 16. a3 Nb6 17. b4 e4 18. Nd1 Qe5 19. Rb1 Rd7 20. Nf2 Qc3 21.
Rb3 Rd2 22. Rxc3 Rxe2 23. Nd1 Rd8 24. Rc5 Rdd2 25. Bh1 Rxc2 26. Nc3 Rxh2 27.
Nxe4 Ng4 28. Re1 Nd5 29. Nd6 Ndxe3 30. Rxc2 Rxc2 31. Nxb7 Rc3 32. Nd6 Rd3 33.
Nc8 Rxa3 34. Bxc6 Nxf5 35. Ne7+ Nxe7 36. Rxe7 Rxg3+ 37. Kh1 Ra3 38. b5 Nf6 39.
Rc7 g5 40. Rc8+ Kg7 41. Ra8 Ra5 42. Kg2 h5 43. Kg3 Kg6 44. Kf3 h4 45. Ke3 g4
46. Kf4 g3 47. Rh8 Ra4+ 48. Ke5 Kg5 49. Kd6 Ra2 50. Rf8 g2 51. Rxf7 Kg6 52. Ke7
g1=Q 0-1

[Event "4NCL/Div1/WGR2 vs. SWD1"]
[Site "Telford ENG"]
[Date "2003.01.19"]
[Round "4.5"]
[White "Tiller, Bjorn"]
[Black "Dineley, Richard DP"]
[Result "1-0"]
[WhiteElo "2380"]
[BlackElo "2265"]
[PlyCount "131"]
[EventDate "2003.01.19"]

1. e4 c5 2. d3 Nc6 3. f4 g6 4. Nf3 Bg7 5. g3 d5 6. Qe2 e6 7. Bg2 Nge7 8. O-O
O-O 9. c3 b6 10. Nbd2 Ba6 11. e5 Qd7 12. Re1 Rae8 13. h4 f6 14. exf6 Bxf6 15.
Bh3 Nd8 16. Ne5 Qd6 17. Ndf3 Bg7 18. Be3 Nec6 19. Bf2 Kh8 20. Qd2 Nxe5 21. Nxe5
Nc6 22. Nxc6 Qxc6 23. d4 Bc8 24. Kh2 Bd7 25. Rac1 Qd6 26. dxc5 bxc5 27. b4 cxb4
28. cxb4 Qb8 29. Bc5 Rf7 30. Re2 Qb7 31. Bd4 Rfe7 32. Be5 Bxe5 33. Rxe5 Rc8 34.
Rce1 Qc6 35. Qd4 Kg8 36. Qxa7 Ra8 37. Qf2 Qc4 38. R1e2 Qxb4 39. h5 gxh5 40. Qf3
Rf8 41. Qxh5 Rg7 42. Bxe6+ Bxe6 43. Rxe6 Qa3 44. R6e3 Qd6 45. Re8 Rg6 46. Rxf8+
Kxf8 47. Qf5+ Rf6 48. Qc8+ Kg7 49. Re8 Rg6 50. Rd8 Qe6 51. Qd7+ Kh6 52. Qxd5
Qe2+ 53. Qg2 Re6 54. Rd2 Qe1 55. Qh3+ Kg7 56. Rd7+ Re7 57. Qg4+ Kh8 58. Rxe7
Qxe7 59. f5 Qe3 60. a4 Qf2+ 61. Kh3 Qf1+ 62. Kh4 Qh1+ 63. Qh3 Qe4+ 64. g4 Qxa4
65. Qc3+ Kg8 66. Qc8+ 1-0

[Event "4NCL/Div1/WGR2 vs. SWD1"]
[Site "Telford ENG"]
[Date "2003.01.19"]
[Round "4.6"]
[White "Johnston, Dafydd"]
[Black "Tan, Desmond"]
[Result "1/2-1/2"]
[WhiteElo "2273"]
[BlackElo "2307"]
[PlyCount "51"]
[EventDate "2003.01.19"]

1. e4 c5 2. Nf3 Nc6 3. Bb5 g6 4. O-O Bg7 5. Nc3 e5 6. Bc4 d6 7. d3 h6 8. h3
Nge7 9. Nh2 Nd4 10. f4 exf4 11. Bxf4 Be6 12. Nb5 Nxb5 13. Bxb5+ Nc6 14. Qd2 Qd7
15. c3 a6 16. Ba4 g5 17. Be3 b5 18. Bc2 Ne5 19. Nf3 Nxf3+ 20. Rxf3 Rc8 21. d4
cxd4 22. Bxd4 Be5 23. Rd1 Qc7 24. Qf2 g4 25. hxg4 Bxg4 26. Bb3 1/2-1/2

[Event "4NCL/Div1/WGR2 vs. SWD1"]
[Site "Telford ENG"]
[Date "2003.01.19"]
[Round "4.7"]
[White "Law, Andrew P"]
[Black "Zeidler, Sven P"]
[Result "1/2-1/2"]
[WhiteElo "2320"]
[BlackElo "2265"]
[PlyCount "39"]
[EventDate "2003.01.19"]

1. Nf3 f5 2. g3 Nf6 3. Bg2 g6 4. O-O Bg7 5. d4 O-O 6. b4 Ne4 7. c4 d6 8. Bb2 c5
9. Qb3 cxb4 10. Qxb4 Nc6 11. Qb3 Na5 12. Qc2 Be6 13. Nbd2 Nxd2 14. Nxd2 Qb6 15.
e3 Rac8 16. Rfb1 Nxc4 17. Nxc4 Rxc4 18. Bc3 Qa5 19. Bxa5 Rxc2 20. Rxb7 1/2-1/2

[Event "4NCL/Div1/WGR2 vs. SWD1"]
[Site "Telford ENG"]
[Date "2003.01.19"]
[Round "4.8"]
[White "Cast, Abigail"]
[Black "Jackson, Sheila"]
[Result "1-0"]
[WhiteElo "2114"]
[BlackElo "2173"]
[PlyCount "113"]
[EventDate "2003.01.19"]

1. d4 Nf6 2. Nf3 e6 3. Bg5 d5 4. e3 Be7 5. c4 h6 6. Bh4 Ne4 7. Bxe7 Qxe7 8. Qb3
c6 9. Nc3 Nd7 10. Bd3 f5 11. Rc1 O-O 12. cxd5 exd5 13. O-O Kh8 14. Qc2 g5 15.
Qe2 g4 16. Nd2 Ndf6 17. f3 gxf3 18. gxf3 Nxc3 19. bxc3 Bd7 20. Kh1 Rae8 21.
Rce1 Qa3 22. Nb3 b6 23. Qg2 Rg8 24. Qf2 Qd6 25. Qh4 Rg6 {(=)} 26. Qh3 Qe6 27.
Rg1 Reg8 28. Rxg6 Rxg6 29. Nd2 Kg7 30. Nf1 Rg5 31. Ng3 Ne8 32. f4 Rxg3 33.
Qxg3+ Qg6 34. Qxg6+ Kxg6 35. Rg1+ Kf7 36. c4 Be6 37. Rc1 Nf6 38. c5 b5 39. Rc3
Ng4 40. Be2 b4 41. Rb3 a5 42. Bxg4 fxg4 43. a3 Bf5 44. axb4 a4 45. Ra3 Bc2 46.
Rc3 Be4+ 47. Kg1 Ke7 48. Kf2 h5 49. Kg3 Kf6 50. Kh4 Kg6 51. Ra3 Bc2 52. Ra1 Bb3
53. b5 cxb5 54. c6 Bc2 55. c7 Bf5 56. Rb1 Bxb1 57. c8=Q 1-0

[Event "4NCL/Div1/BAR2 vs. PYO"]
[Site "Telford ENG"]
[Date "2003.01.19"]
[Round "4.1"]
[White "Collinson, Adam"]
[Black "Haslinger, Stewart"]
[Result "1/2-1/2"]
[WhiteElo "2390"]
[BlackElo "2385"]
[PlyCount "74"]
[EventDate "2003.01.19"]

1. e4 e5 2. Nf3 Nc6 3. Nc3 Nf6 4. Bb5 Bb4 5. O-O O-O 6. d3 d6 7. Bg5 Bxc3 8.
bxc3 Qe7 9. Re1 Nd8 10. d4 Ne6 11. Bc1 c5 12. Bf1 {(=)} 12... Rd8 13. g3 cxd4
14. cxd4 b6 15. Bg2 Qc7 16. Bb2 Bb7 17. Qd3 Rac8 18. c3 exd4 19. Nxd4 Nc5 20.
Qc2 Qd7 21. a4 Ba6 22. Nb5 Bxb5 23. axb5 Qxb5 24. Rxa7 Qd3 25. Qe2 b5 26. f3
Nfd7 27. Qxd3 Nxd3 28. Rb1 Ra8 29. Rxa8 Rxa8 30. Bc1 Ra2 31. Be3 N7e5 32. Bd4
Rb2 33. Rxb2 Nxb2 34. Bxe5 dxe5 35. Bf1 Na4 36. Bxb5 Nxc3 37. Bc4 Na4 1/2-1/2

[Event "4NCL/Div1/BAR2 vs. PYO"]
[Site "Telford ENG"]
[Date "2003.01.19"]
[Round "4.2"]
[White "Taylor, Martin R"]
[Black "Berry, Neil"]
[Result "1/2-1/2"]
[WhiteElo "2300"]
[BlackElo "2293"]
[PlyCount "86"]
[EventDate "2003.01.19"]

1. c4 e5 2. g3 Nf6 3. Bg2 c6 4. d4 exd4 5. Qxd4 d5 6. cxd5 cxd5 7. Nf3 Nc6 8.
Qa4 Bc5 9. O-O O-O 10. Bg5 h6 11. Bxf6 Qxf6 12. Nc3 Be6 13. Ne1 Rfd8 14. Nd3
Bd4 15. Rac1 a6 16. Nf4 Qe5 17. e3 Bxc3 18. Rxc3 d4 19. Nxe6 dxc3 20. Nxd8 Rxd8
21. Bxc6 bxc6 22. bxc3 Qxc3 23. Qxa6 g6 24. Qb6 Rd2 25. Qb3 Qxb3 26. axb3 Rb2
27. Rc1 Rxb3 28. Rxc6 Kg7 29. g4 Rb5 30. h3 h5 31. Kg2 hxg4 32. hxg4 Rb4 33.
Kg3 f5 34. f3 fxg4 35. f4 Re4 36. Rc3 g5 37. Kxg4 gxf4 38. exf4 Re6 39. Rc7+
Kf8 40. Kf5 Ra6 41. Kg5 Rb6 42. f5 Ra6 43. f6 Ra1 1/2-1/2

[Event "4NCL/Div1/BAR2 vs. PYO"]
[Site "Telford ENG"]
[Date "2003.01.19"]
[Round "4.3"]
[White "Cox, John J"]
[Black "Bigg, Andrew J"]
[Result "1/2-1/2"]
[WhiteElo "2289"]
[BlackElo "2292"]
[PlyCount "65"]
[EventDate "2003.01.19"]

1. g3 e5 2. c4 Nc6 3. Nc3 d6 4. Bg2 f5 5. d3 Nf6 6. e4 Be7 7. Nge2 O-O 8. O-O
Qe8 9. Nd5 Bd8 10. f3 Nd4 11. Nxd4 exd4 12. Nxf6+ Bxf6 13. f4 Qg6 14. b4 fxe4
15. Bxe4 Bf5 16. Bxf5 Qxf5 17. Qf3 Rae8 18. Bd2 g6 19. Rae1 c5 20. Kg2 b6 21.
Rxe8 Rxe8 22. Re1 Rxe1 23. Bxe1 Kf7 24. b5 Ke7 25. h3 d5 26. Qe2+ Kd7 27. Qg4
Qxg4 {(=)} 28. hxg4 Ke6 29. Kf3 g5 30. Bd2 h6 31. a4 Bd8 32. Bc1 Kd6 33. Bd2
1/2-1/2

[Event "4NCL/Div1/BAR2 vs. PYO"]
[Site "Telford ENG"]
[Date "2003.01.19"]
[Round "4.4"]
[White "Rendle, Thomas E"]
[Black "Rogers, Jonathan W"]
[Result "0-1"]
[WhiteElo "2238"]
[BlackElo "2346"]
[PlyCount "70"]
[EventDate "2003.01.19"]

1. e4 e5 2. Nf3 Nc6 3. Bb5 Bc5 4. O-O Nd4 5. Nxd4 Bxd4 6. c3 Bb6 7. d4 c6 8.
Ba4 d6 9. Na3 Nf6 10. Bc2 O-O 11. Bg5 Re8 12. Nc4 Bc7 13. f4 exd4 14. e5 dxe5
15. fxe5 Qd5 16. Qd3 dxc3 17. exf6 Qxd3 18. Bxd3 b5 19. Na3 cxb2 20. Rae1 Bb6+
21. Kh1 Be6 22. fxg7 Bd4 23. Re4 Bxg7 24. Bb1 a5 25. Rh4 h6 26. Bxh6 Bxh6 27.
Rxh6 Rad8 28. Rhf6 Rd2 29. Be4 Bxa2 30. Bxc6 Ree2 31. R6f4 b4 32. Nc4 b1=Q 33.
Rxb1 Bxb1 34. Nxd2 Rxd2 35. h4 b3 0-1

[Event "4NCL/Div1/BAR2 vs. PYO"]
[Site "Telford ENG"]
[Date "2003.01.19"]
[Round "4.5"]
[White "Dishman, Stephen"]
[Black "Yastrebov, Alexander"]
[Result "1/2-1/2"]
[WhiteElo "2296"]
[BlackElo "2207"]
[PlyCount "130"]
[EventDate "2003.01.19"]

1. d4 d5 2. c4 dxc4 3. Nf3 Nf6 4. e3 Bg4 5. Bxc4 e6 6. h3 Bh5 7. Nc3 Nbd7 8.
O-O Be7 9. e4 O-O 10. Be3 c6 11. Bd3 Re8 12. g4 Bg6 13. Ne5 Bb4 14. Nxg6 hxg6
15. Qb3 c5 16. Rad1 Qe7 17. e5 Nd5 18. Nxd5 exd5 19. Bb5 c4 20. Qc2 a6 21. Bxd7
Qxd7 22. f4 f5 23. Kh2 Kf7 24. Rg1 Rh8 25. Qg2 Rad8 26. Rdf1 b5 27. Rf3 Be7 28.
Bf2 b4 29. Re3 Qe6 30. gxf5 Qxf5 31. e6+ Kf8 32. Qxg6 Qxg6 33. Rxg6 a5 34. f5
Rh5 35. Bg3 Rxf5 36. Be5 Rg5 37. Rf3+ Ke8 38. Rxg5 Bxg5 39. Rf7 Bf6 40. Bc7
Bxd4 41. Bxd8 Kxd8 42. Rd7+ Ke8 43. Rxd5 Bxb2 44. Rxa5 Ke7 45. Rc5 b3 {(=)} 46.
axb3 cxb3 47. Rb5 Kxe6 48. Rxb3 Be5+ 49. Kg2 Kf5 50. Kf3 Bf6 51. Rb5+ Kg6 52.
Kg4 Be7 53. Rb6+ Bf6 54. Ra6 Kh6 55. Kf5 Kh7 56. Ra8 Be7 57. Ke6 Bf6 58. Kf7
Kh6 59. Rh8+ Kg5 60. h4+ Kg4 61. h5 Kg5 62. Ke6 Bc3 63. Rc8 Bf6 64. Rc5+ Kh6
65. Kf7 Bg5 1/2-1/2

[Event "4NCL/Div1/BAR2 vs. PYO"]
[Site "Telford ENG"]
[Date "2003.01.19"]
[Round "4.6"]
[White "Mutton, Jonathan B"]
[Black "Trent, Lawrence"]
[Result "0-1"]
[WhiteElo "2197"]
[BlackElo "2257"]
[PlyCount "54"]
[EventDate "2003.01.19"]

1. e4 e5 2. Nf3 Nc6 3. Bb5 Nge7 4. O-O g6 5. c3 Bg7 6. d4 exd4 7. cxd4 d5 8.
exd5 Nxd5 9. Re1+ Be6 10. Bxc6+ bxc6 11. Ne5 O-O 12. Nd2 Re8 13. Nxc6 Qd6 14.
Ne5 Bf5 15. Ndf3 Rab8 16. b3 Qa6 17. Bb2 Nb4 18. Nh4 Be6 19. Qd2 f6 20. Nc4
Bxc4 21. Rxe8+ Rxe8 22. Qxb4 Bd5 23. h3 Qe2 24. Qc3 f5 25. Rc1 Bh6 26. Rf1 Bd2
27. Qg3 Qxf1+ 0-1

[Event "4NCL/Div1/BAR2 vs. PYO"]
[Site "Telford ENG"]
[Date "2003.01.19"]
[Round "4.7"]
[White "Coleman, David"]
[Black "Dorrington, Christopher"]
[Result "1/2-1/2"]
[WhiteElo "2239"]
[BlackElo "2188"]
[PlyCount "96"]
[EventDate "2003.01.19"]

1. e4 c5 2. Nf3 e6 3. d4 cxd4 4. Nxd4 Nc6 5. Nb5 Nf6 6. N1c3 d6 7. Bf4 e5 8.
Bg5 a6 9. Na3 b5 10. Bxf6 gxf6 11. Nd5 f5 12. exf5 Bxf5 13. Bd3 Be6 14. Be4 Rc8
15. c3 Bg7 16. Qd3 Ne7 17. Nxe7 Qxe7 18. Rd1 Rd8 19. Bc6+ Kf8 20. Bd5 h5 21.
Nc2 Bh6 22. Nb4 Bd7 23. Be4 a5 24. Nd5 Qg5 25. h4 Qg7 26. Nc7 Bg4 27. f3 Be6
28. Nxe6+ fxe6 29. f4 Bxf4 30. O-O Ke7 31. Qxb5 Qg3 32. Rf3 Qxh4 33. Rh3 Bh2+
34. Rxh2 Qxe4 35. Qxa5 Qe3+ 36. Kh1 Qe2 37. Rg1 Qxb2 38. Rh3 Qf2 39. c4 Rd7 40.
Qa4 Rc7 41. Rc1 Rg8 42. Rc2 Qe1+ 43. Kh2 Rg5 44. Qa8 Rf5 45. Qb8 Rd7 46. Rg3
Rg5 47. Rcc3 Rd8 48. Qc7+ Rd7 1/2-1/2

[Event "4NCL/Div1/BAR2 vs. PYO"]
[Site "Telford ENG"]
[Date "2003.01.19"]
[Round "4.8"]
[White "Gilbert, Jessie"]
[Black "Kieran, Rosalind"]
[Result "1/2-1/2"]
[WhiteElo "2116"]
[BlackElo "2087"]
[PlyCount "45"]
[EventDate "2003.01.19"]

1. d4 d5 2. c4 e6 3. Nc3 Nf6 4. cxd5 exd5 5. Bg5 Nbd7 6. e3 c6 7. Bd3 Be7 8.
Nge2 O-O 9. O-O Re8 10. Qc2 Nf8 11. Rab1 Ng6 12. Ng3 Ng4 13. Bxe7 Qxe7 14. h3
Nf6 15. b4 a6 16. a4 Bd7 17. a5 Rab8 18. Rfe1 Qd6 19. Na4 Nh4 20. Re2 Be6 21.
Nc5 Ng6 22. Rbe1 Re7 23. Qc3 1/2-1/2

[Event "4NCL/Div1/WGR1 vs. RIC"]
[Site "Telford ENG"]
[Date "2003.01.19"]
[Round "4.1"]
[White "Adams, Michael"]
[Black "Quinn, Mark"]
[Result "1-0"]
[WhiteElo "2734"]
[BlackElo "2417"]
[PlyCount "55"]
[EventDate "2003.01.19"]

1. e4 e5 2. Nf3 Nf6 3. Nxe5 d6 4. Nf3 Nxe4 5. d4 d5 6. Bd3 Bd6 7. O-O O-O 8. c4
c6 9. Qc2 Bf5 10. Nc3 Na6 11. a3 Re8 12. Re1 Re6 13. Nxe4 dxe4 14. Bxe4 Qa5 15.
Bd2 Bxe4 16. Rxe4 Qf5 17. Rae1 Nc7 18. Qb1 b5 19. Rxe6 Qxb1 20. Rxb1 Nxe6 21.
d5 Nc7 22. dxc6 bxc4 23. Ba5 Ne8 24. Rc1 Rb8 25. Nd2 Rxb2 26. Nxc4 Bf4 27. Re1
Rb8 28. g3 1-0

[Event "4NCL/Div1/WGR1 vs. RIC"]
[Site "Telford ENG"]
[Date "2003.01.19"]
[Round "4.2"]
[White "Bates, Richard A"]
[Black "Short, Nigel"]
[Result "0-1"]
[WhiteElo "2367"]
[BlackElo "2690"]
[PlyCount "60"]
[EventDate "2003.01.19"]

1. d4 e6 2. Nf3 c5 3. g3 cxd4 4. Nxd4 Qb6 5. Bg2 Bc5 6. e3 Nc6 7. Nb3 Be7 8. e4
Nf6 9. Nc3 d6 10. O-O O-O 11. Qe2 Rd8 12. a4 Qc7 13. Bf4 Bd7 14. Rfd1 a6 15. a5
Ne5 16. Rd4 Rac8 17. Bf1 Bc6 18. Rad1 h6 19. Bg2 Be8 20. Bf1 Nfd7 21. Be3 Nc5
22. Nxc5 dxc5 23. Rxd8 Rxd8 24. f4 Nc6 25. Rxd8 Qxd8 26. Qh5 Qxa5 27. Bc4 Qd8
28. e5 b5 29. Bd3 c4 30. Be4 f5 0-1

[Event "4NCL/Div1/WGR1 vs. RIC"]
[Site "Telford ENG"]
[Date "2003.01.19"]
[Round "4.4"]
[White "Heidenfeld, Mark"]
[Black "Baburin, Alexander"]
[Result "1/2-1/2"]
[WhiteElo "2355"]
[BlackElo "2558"]
[PlyCount "45"]
[EventDate "2003.01.19"]

1. e4 Nf6 2. e5 Nd5 3. d4 d6 4. c4 Nb6 5. exd6 exd6 6. Nc3 Be7 7. h3 Nc6 8. Nf3
O-O 9. Bd3 a5 10. a4 Nb4 11. O-O c6 12. b3 d5 13. c5 Nd7 14. Re1 Bf6 15. Bb2 b6
16. cxb6 Qxb6 17. Bb1 g6 18. Na2 Nxa2 19. Rxa2 Bb7 20. Bc3 Rfe8 21. Rae2 Rxe2
22. Rxe2 Bg7 23. Qe1 1/2-1/2